'A' Countries by Flag Quiz Stats

 Plays Quiz not verified by Sporcle

Challenge
Share
Tweet
Score 0/11 Timer 02:00
0 Plays Today
Hint Answer % Correct
Australia
98.2%
Argentina
95.5%
Austria
93.5%
Albania
88.7%
Andorra
86.1%
Algeria
85.4%
Azerbaijan
83.8%
Angola
82.3%
Armenia
82%
Afghanistan
80.8%
Antigua and Barbuda
75.4%

You're not logged in!

Compare scores with friends on all Sporcle quizzes.
Join for Free
OR
Log In

You Might Also Like...

Show Comments

Extras

Created Jul 11, 2016ReportNominate
Tags:Country Quiz, Flags Quiz, start

Top Quizzes Today


Score Distribution

Your Account Isn't Verified!

In order to create a playlist on Sporcle, you need to verify the email address you used during registration. Go to your Sporcle Settings to finish the process.

Report this User

Report this user for behavior that violates our Community Guidelines.

Details: